| 000 | 01886nam a22002537a 4500 | ||
|---|---|---|---|
| 003 | DO-SdBNP | ||
| 005 | 20220725112634.0 | ||
| 007 | ta | ||
| 008 | 220705b2001 |||||||| |||| 001 0 spa d | ||
| 040 |
_aDO-SdBNP _bspa _cBNPHU |
||
| 082 | 4 |
_222 _a352.28 _bR426r |
|
| 110 | 1 | 0 |
_aRepública Dominicana. _bOficina Nacional de Administración y Personal _981949 |
| 245 | 1 | 0 |
_aReforma del Estado : _bguía de servicios públicos / _cOficina Nacional de Administración Pública ( ONAP) |
| 260 |
_aSanto Domingo : _bONAP, _c2001. |
||
| 300 |
_a v. ; : _bil.; _c21 cm _e(43 hojas) |
||
| 490 |
_aServicios e instituciones _vv.1 _vv.2 |
||
| 500 | _aCooperación del proyecto PAIRE de la Unión Europea y la Oficina del Ordenador Nacional para los Fondos Europeos de Desarrolo. | ||
| 505 |
_gv.1 _aPresidencia de la República -- Secretaríado Admisntrativo de la Presidencia -- Secretariado Técnico de la Presidencia -- Secretaría de Estado de Deportes, Educación Física y Recreación -- Secretaría de Estado de Educación -- Secretaría de Estado de Finanzas -- Secretaría de Estado de Las Fuerzas Armadas -- Secretaría de Estado de Industria y comercio -- Secretaría de Estado de Cultura -- Secretaría de Estado de Recursos Naturales y Medio Ambiente -- Secretaría de Estado de la Juventud -- Secretaría de Estado de Interior y Policía -- Secretaría de Trabajo -- Secretaría de Estado de Relaciones Exteriores-- Secretaría de Estado de Turismo. |
||
| 505 |
_gv.2. _aSecretaría de Estado de obras Públicas y Comunicaciones -- Secretaría de Estado de Agricultura -- Secretaría de Estado de Salud Pública y Asistencia Social -- Organismos especiales -- Organismos descentralizados -- |
||
| 590 | _aInventariado, 2022 / SA | ||
| 650 | 4 | 0 |
_aAdministración pública _xDirectorios _981936 _zRepública Dominicana |
| 650 | 4 | 0 |
_aServicios Públicos _981952 |
| 942 |
_2ddc _cLBS1 |
||
| 999 |
_c52139 _d52139 |
||